Dvadsaťpäť rokov Slovenskej farmaceutickej spoločnosti

Podrobná bibliografia
Hlavní autori: Špringer, Vladimír, 1933-2009 (Autor), Chalabala, Milan, 1928-2003 (Autor)
Médium: Článok
Jazyk:slovenčina
Fyzický popis:Lit. 4 zázn. v slov.
ISSN:1210-7816
Predmet:

MARC

LEADER 00000nab a2200000 a 4500
001 vtls000533261
003 SK-MaSNL
005 20260303190118.0
008 220422c1994 xo 0 slo
015 |a SNBRB19rr/mm-uuuuu 
035 |a CL0533399 
040 |a SNKBUCL  |b slo  |c SNKBUCL  |e AACR2 
041 0 |a slo 
044 |a xo  |c SK 
080 |a 615:061.22(437.6)  |2 1981 
100 1 |a Špringer, Vladimír,  |d 1933-2009  |4 aut  |9 196745 
245 1 0 |a Dvadsaťpäť rokov Slovenskej farmaceutickej spoločnosti  |c Vladimír Špringer, Milan Chalabala 
300 |b Lit. 4 zázn. v slov. 
610 2 7 |a Slovenská farmaceutická spoločnosť  |2 snkbucl  |9 105509 
655 7 |a články z novín a časopisov  |2 snkbucl  |9 267496 
700 1 |a Chalabala, Milan,  |d 1928-2003  |4 aut  |9 263426 
773 0 |t Česká a slovenská farmacie  |g Roč. 43, č. 5 (1994), s. 191-192  |x 1210-7816 
850 |a Slovenská národná knižnica v Martine  |a MTA001 
852 |a SNK  |b KIS3GCP 
958 |a RK 
958 |a ME 
992 |a RBX 
999 |c 2134590  |d 2136520